Working virtually : leading your organization and team, and advancing your personal career, in a mobile world /

Bibliographic Details
Main Author: Hoefling, Trina, 1958- (Author)
Format: eBook
Language:English
Published: Sterling, Virginia : Stylus Publishing, LLC, 2017.
Edition:Second edition.
Subjects:
Online Access:Click to View
LEADER 02044nam a2200481 i 4500
001 EBC4821781
003 MiAaPQ
005 20200520144314.0
006 m o d |
007 cr cnu||||||||
008 170324t20172017vaua o 001 0 eng d
020 |z 9781620362921 
020 |z 9781620362914 
020 |a 9781620362938  |q (electronic bk.) 
020 |a 9781620362945  |q (electronic bk.) 
035 |a (MiAaPQ)EBC4821781 
035 |a (Au-PeEL)EBL4821781 
035 |a (CaPaEBR)ebr11360098 
035 |a (OCoLC)979249169 
040 |a MiAaPQ  |b eng  |e rda  |e pn  |c MiAaPQ  |d MiAaPQ 
050 4 |a HD30.2122  |b .H644 2017 
082 0 |a 658.4/022  |2 23 
100 1 |a Hoefling, Trina,  |d 1958-  |e author. 
245 1 0 |a Working virtually :  |b leading your organization and team, and advancing your personal career, in a mobile world /  |c Trina Hoefling. 
250 |a Second edition. 
264 1 |a Sterling, Virginia :  |b Stylus Publishing, LLC,  |c 2017. 
264 4 |c 2017 
300 |a 1 online resource (284 pages) :  |b illustrations 
336 |a text  |2 rdacontent 
337 |a computer  |2 rdamedia 
338 |a online resource  |2 rdacarrier 
500 |a Includes index. 
588 |a Description based on print version record. 
590 |a Electronic reproduction. Ann Arbor, MI : ProQuest, 2016. Available via World Wide Web. Access may be limited to ProQuest affiliated libraries. 
650 0 |a Organizational effectiveness. 
650 0 |a Personnel management. 
650 0 |a Teams in the workplace  |x Computer networks. 
650 0 |a Virtual work teams. 
650 0 |a Virtual reality in management. 
655 4 |a Electronic books. 
776 0 8 |i Print version:  |a Hoefling, Trina, 1958-  |t Working virtually : leading your organization and team, and advancing your personal career, in a mobile world.  |b Second edition.  |d Sterling, Virginia : Stylus Publishing, LLC, c2017   |h 262 pages   |z 9781620362914   |w 2016035684 
797 2 |a ProQuest (Firm) 
856 4 0 |u https://ebookcentral.proquest.com/lib/matrademy/detail.action?docID=4821781  |z Click to View